[Event "Deutscher Mix-Teampokal U12 2025"]
[Site "Bad Homburg GER"]
[Date "2025.07.20"]
[Round "4"]
[White "Kukhtichev, Maksim"]
[Black "Atal, Parsa"]
[Result "0-1"]
[Termination "normal"]
[Board "2.2"]
[WhiteElo "1616"]
[BlackElo "1776"]
[WhiteTeam "SK Bad Homburg 1927"]
[BlackTeam "SC Noris-Tarrasch Nürnberg 1873"]
[PlyCount "44"]
[WhiteFideId "34638881"]
[BlackFideId "533026572"]
[EventCountry "GER"]
[EventRounds "5"]
[EventType "team-swiss"]
[EventDate "2025.07.18"]

1. e4 {[%emt 14:01:47]} c5 2. c4 Nc6 3. Nc3 {[%emt 00:02:47]} Nf6 {[%emt
00:01:56]} 4. d3 {[%emt 00:00:12]} e6 {[%emt 00:02:18]} 5. Bg5 {[%emt
00:03:36]} Be7 {[%emt 00:00:49]} 6. Nf3 {[%emt 00:01:16]} h6 {[%emt 00:02:02]}
7. Bf4 {[%emt 00:02:07]} d5 {[%emt 00:07:11]} 8. exd5 {[%emt 00:02:23]} exd5
{[%emt 00:00:33]} 9. cxd5 {[%emt 00:09:02]} Nxd5 {[%emt 00:00:38]} 10. Nxd5
{[%emt 00:01:19]} Qxd5 {[%emt 00:00:09]} 11. h3 {[%emt 00:04:00]} Bf5 {[%emt
00:02:11]} 12. Qb3 {[%emt 00:04:18]} Qxb3 {[%emt 00:01:21]} 13. axb3 {[%emt
00:00:07]} O-O {[%emt 00:04:05]} 14. O-O-O {[%emt 00:01:34]} Rad8 {[%emt
00:00:54]} 15. g4 {[%emt 00:00:17]} Be6 {[%emt 00:02:41]} 16. Be2 {[%emt
00:12:36]} Bxb3 {[%emt 00:01:44]} 17. Rdg1 {[%emt 00:02:21]} Nb4 {[%emt
00:01:42]} 18. Ne1 {[%emt 00:01:08]} Bg5 {[%emt 00:01:18]} 19. Bxg5 {[%emt
00:00:17]} hxg5 {[%emt 00:00:05]} 20. f3 {[%emt 00:00:49]} Rfe8 {[%emt
00:00:46]} 21. Rh2 {[%emt 00:00:03]} c4 {[%emt 00:00:58]} 22. dxc4 {[%emt
00:00:28]} Rxe2 {[%emt 00:00:28]} 0-1

[Event "Deutscher Mix-Teampokal U12 2025"]
[Site "Bad Homburg GER"]
[Date "2025.07.20"]
[Round "4"]
[White "Bharathula, Akhila"]
[Black "Xu, Dorothea Sicheng"]
[Result "1-0"]
[Termination "normal"]
[Board "2.3"]
[WhiteElo "1616"]
[BlackElo "1581"]
[WhiteClock "00:05:57"]
[BlackClock "00:02:21"]
[WhiteTeam "SC Noris-Tarrasch Nürnberg 1873"]
[BlackTeam "SK Bad Homburg 1927"]
[PlyCount "165"]
[WhiteFideId "34641777"]
[BlackFideId "34667539"]
[EventCountry "GER"]
[EventRounds "5"]
[EventType "team-swiss"]
[EventDate "2025.07.18"]

1. d4 {[%clk 00:55:09]} d5 {[%clk 00:55:05]} 2. c4 {[%clk 00:55:10]} e6 {[%clk
00:55:06]} 3. Nc3 {[%clk 00:55:11]} Nf6 {[%clk 00:55:05]} 4. Bg5 {[%clk
00:55:05]} Be7 {[%clk 00:55:01]} 5. e3 {[%clk 00:55:01]} O-O {[%clk 00:54:51]}
6. Nf3 {[%clk 00:54:42]} Nbd7 {[%clk 00:54:09]} 7. Rc1 {[%clk 00:53:40]} h6
{[%clk 00:52:42]} 8. Bf4 {[%clk 00:52:24]} {[%emt 00:00:36]} a6 {[%clk
00:52:01]} {[%emt 00:00:46]} 9. Bd3 {[%clk 00:51:07]} {[%emt 00:01:23]} dxc4
{[%clk 00:51:58]} {[%emt 00:00:09]} 10. Bxc4 {[%clk 00:51:05]} {[%emt
00:00:07]} b5 {[%clk 00:51:53]} {[%emt 00:00:09]} 11. Bd3 {[%clk 00:50:30]}
{[%emt 00:00:38]} Bb7 {[%clk 00:51:30]} {[%emt 00:00:30]} 12. O-O {[%clk
00:49:41]} {[%emt 00:00:55]} c5 {[%clk 00:49:36]} {[%emt 00:01:58]} 13. Be2
{[%clk 00:48:32]} {[%emt 00:01:14]} Qb6 {[%clk 00:46:30]} {[%emt 00:03:11]} 14.
Qd2 {[%clk 00:40:34]} {[%emt 00:07:57]} Rfd8 {[%clk 00:42:25]} {[%emt
00:04:16]} 15. Bg3 {[%clk 00:35:45]} {[%emt 00:04:54]} Rac8 {[%clk 00:38:12]}
{[%emt 00:04:18]} 16. Rfd1 {[%clk 00:32:24]} {[%emt 00:03:26]} Qc6 {[%clk
00:33:49]} {[%emt 00:04:27]} 17. Qe1 {[%clk 00:29:06]} {[%emt 00:03:24]} b4
{[%clk 00:30:22]} {[%emt 00:03:32]} 18. Nb1 {[%clk 00:26:01]} {[%emt 00:03:11]}
Qa4 {[%clk 00:27:30]} {[%emt 00:02:56]} 19. a3 {[%clk 00:25:16]} {[%emt
00:06:59]} bxa3 {[%clk 00:20:54]} {[%emt 00:16:09]} 20. Nxa3 {[%clk 00:24:27]}
{[%emt 00:00:54]} Bxf3 {[%clk 00:18:43]} {[%emt 00:02:16]} 21. Bxf3 {[%clk
00:23:29]} {[%emt 00:01:02]} Qb3 {[%clk 00:18:20]} {[%emt 00:00:29]} 22. Qc3
{[%clk 00:19:43]} {[%emt 00:03:45]} Qxc3 {[%clk 00:17:23]} {[%emt 00:01:08]}
23. bxc3 {[%clk 00:19:10]} {[%emt 00:00:39]} cxd4 {[%clk 00:17:13]} {[%emt
00:00:15]} 24. Nc2 {[%clk 00:17:41]} {[%emt 00:01:34]} dxe3 {[%clk 00:14:41]}
{[%emt 00:02:37]} 25. Nxe3 {[%clk 00:17:18]} {[%emt 00:00:28]} Ba3 {[%clk
00:12:06]} {[%emt 00:02:39]} 26. Rc2 {[%clk 00:16:38]} {[%emt 00:00:45]} a5
{[%clk 00:10:06]} {[%emt 00:02:06]} 27. Ra1 {[%clk 00:15:52]} {[%emt 00:00:50]}
Rxc3 {[%clk 00:08:51]} {[%emt 00:01:20]} 28. Rxc3 {[%clk 00:14:11]} {[%emt
00:01:46]} Bb2 {[%clk 00:08:52]} {[%emt 00:00:03]} 29. Rca3 {[%clk 00:13:57]}
{[%emt 00:00:15]} Bxa1 {[%clk 00:08:09]} {[%emt 00:00:52]} 30. Rxa1 {[%clk
00:13:57]} {[%emt 00:00:05]} Rc8 {[%clk 00:06:48]} {[%emt 00:01:26]} 31. Rxa5
{[%clk 00:13:20]} {[%emt 00:00:42]} Ne4 {[%clk 00:04:28]} {[%emt 00:02:26]} 32.
Bxe4 {[%clk 00:12:03]} {[%emt 00:01:22]} Rc1+ {[%clk 00:04:11]} {[%emt
00:00:21]} 33. Nf1 {[%clk 00:12:01]} {[%emt 00:00:07]} f5 {[%clk 00:03:19]}
{[%emt 00:00:58]} 34. Ra7 {[%clk 00:11:23]} {[%emt 00:00:36]} Nf6 {[%clk
00:02:31]} {[%emt 00:01:00]} 35. Bf4 {[%clk 00:11:03]} {[%emt 00:00:23]} Rc4
{[%clk 00:02:10]} {[%emt 00:00:28]} 36. Bxh6 {[%clk 00:09:04]} {[%emt
00:02:04]} gxh6 {[%clk 00:01:50]} {[%emt 00:00:26]} 37. Bd3 {[%clk 00:08:45]}
{[%emt 00:00:18]} Rd4 {[%clk 00:01:53]} {[%emt 00:00:07]} 38. Bc2 {[%clk
00:08:14]} {[%emt 00:00:25]} Rc4 {[%clk 00:01:48]} {[%emt 00:00:21]} 39. Bb3
{[%clk 00:07:58]} {[%emt 00:00:20]} Rc6 {[%clk 00:01:50]} {[%emt 00:00:04]} 40.
Re7 {[%clk 00:07:47]} {[%emt 00:00:10]} Kf8 {[%clk 00:01:52]} {[%emt 00:00:10]}
41. Rxe6 {[%clk 00:07:29]} {[%emt 00:00:23]} Rxe6 {[%clk 00:01:56]} {[%emt
00:00:01]} 42. Bxe6 {[%clk 00:07:20]} {[%emt 00:00:13]} f4 {[%clk 00:01:59]}
{[%emt 00:00:02]} 43. Nd2 {[%clk 00:07:09]} {[%emt 00:00:15]} Ke7 {[%clk
00:02:03]} {[%emt 00:00:02]} 44. Bb3 {[%clk 00:07:01]} {[%emt 00:00:11]} Kd6
{[%clk 00:01:58]} {[%emt 00:00:12]} 45. f3 {[%clk 00:06:57]} {[%emt 00:00:09]}
Ke5 {[%clk 00:01:56]} {[%emt 00:00:08]} 46. Kf2 {[%clk 00:06:47]} {[%emt
00:00:13]} Kf5 {[%clk 00:01:56]} {[%emt 00:00:06]} 47. Nc4 {[%clk 00:06:28]}
{[%emt 00:00:23]} Kg5 {[%clk 00:01:55]} {[%emt 00:00:08]} 48. Nd6 {[%clk
00:06:20]} {[%emt 00:00:13]} Kg6 {[%clk 00:01:51]} {[%emt 00:00:09]} 49. Bc2+
{[%clk 00:06:13]} {[%emt 00:00:12]} Kg7 {[%clk 00:01:50]} {[%emt 00:00:06]} 50.
Nf5+ {[%clk 00:06:15]} {[%emt 00:00:03]} Kg6 {[%clk 00:01:50]} {[%emt
00:00:05]} 51. Ng3+ {[%clk 00:06:06]} {[%emt 00:00:14]} Kg7 {[%clk 00:01:50]}
{[%emt 00:00:05]} 52. Ne4 {[%clk 00:05:59]} {[%emt 00:00:12]} Nh5 {[%clk
00:01:46]} {[%emt 00:00:07]} 53. Ke2 {[%clk 00:05:35]} {[%emt 00:00:27]} Kf7
{[%clk 00:01:42]} {[%emt 00:00:13]} 54. Kd3 {[%clk 00:05:20]} {[%emt 00:00:09]}
Ke6 {[%clk 00:01:40]} {[%emt 00:00:18]} 55. Bb3+ {[%clk 00:05:17]} {[%emt
00:00:08]} Kf5 {[%clk 00:01:44]} {[%emt 00:00:01]} 56. g4+ {[%clk 00:04:51]}
{[%emt 00:00:31]} fxg3 {[%clk 00:01:48]} {[%emt 00:00:02]} 57. Nxg3+ {[%clk
00:04:51]} {[%emt 00:00:05]} Nxg3 58. hxg3 h5 {[%clk 00:01:51]} {[%emt
00:00:05]} 59. Ke2 {[%clk 00:04:55]} {[%emt 00:00:05]} Kg5 {[%clk 00:01:52]}
{[%emt 00:00:04]} 60. Bf7 {[%clk 00:04:53]} {[%emt 00:00:05]} h4 {[%clk
00:01:47]} {[%emt 00:00:13]} 61. gxh4+ {[%clk 00:04:55]} {[%emt 00:00:03]} Kxh4
{[%clk 00:01:51]} 62. Ke3 {[%clk 00:05:00]} Kg5 {[%clk 00:01:55]} {[%emt
00:00:01]} 63. Ke4 {[%clk 00:05:03]} {[%emt 00:00:02]} Kf6 {[%clk 00:01:56]}
{[%emt 00:00:03]} 64. Bc4 {[%clk 00:05:04]} {[%emt 00:00:04]} Kg7 {[%clk
00:01:55]} {[%emt 00:00:07]} 65. Ke5 {[%clk 00:05:07]} {[%emt 00:00:01]} Kf8
{[%clk 00:01:59]} {[%emt 00:00:02]} 66. Kf6 {[%clk 00:05:10]} {[%emt 00:00:02]}
Ke8 {[%clk 00:01:59]} {[%emt 00:00:04]} 67. Kg7 {[%clk 00:05:14]} {[%emt
00:00:01]} Ke7 {[%clk 00:02:00]} {[%emt 00:00:04]} 68. f4 {[%clk 00:05:19]} Kd6
{[%clk 00:02:00]} {[%emt 00:00:05]} 69. f5 {[%clk 00:05:23]} Kc5 {[%clk
00:01:51]} {[%emt 00:00:15]} 70. f6 {[%clk 00:05:28]} Kxc4 {[%clk 00:01:55]}
{[%emt 00:00:03]} 71. f7 Kd4 {[%emt 00:00:04]} 72. f8=Q {[%clk 00:05:33]}
{[%emt 00:00:04]} Ke4 {[%clk 00:01:59]} {[%emt 00:00:01]} 73. Kf6 {[%clk
00:05:35]} {[%emt 00:00:01]} Kf4 {[%clk 00:02:00]} {[%emt 00:00:05]} 74. Qd6+
{[%clk 00:05:37]} {[%emt 00:00:02]} Ke4 {[%clk 00:02:03]} {[%emt 00:00:02]} 75.
Qc5 {[%clk 00:05:40]} {[%emt 00:00:02]} Kd3 {[%clk 00:02:05]} {[%emt 00:00:03]}
76. Ke5 {[%clk 00:05:43]} {[%emt 00:00:02]} Ke2 {[%clk 00:02:07]} {[%emt
00:00:04]} 77. Qd4 {[%clk 00:05:46]} {[%emt 00:00:02]} Kf3 {[%clk 00:02:09]}
{[%emt 00:00:03]} 78. Qe4+ {[%clk 00:05:43]} {[%emt 00:00:08]} Kf2 {[%clk
00:02:11]} {[%emt 00:00:03]} 79. Qd3 {[%clk 00:05:45]} {[%emt 00:00:03]} Ke1
{[%clk 00:02:12]} {[%emt 00:00:04]} 80. Qc2 {[%clk 00:05:49]} {[%emt 00:00:01]}
Kf1 {[%clk 00:02:16]} {[%emt 00:00:01]} 81. Kf4 {[%clk 00:05:53]} Ke1 {[%clk
00:02:17]} {[%emt 00:00:04]} 82. Kf3 {[%clk 00:05:54]} {[%emt 00:00:03]} Kf1
{[%clk 00:02:21]} {[%emt 00:00:02]} 83. Qf2# {[%clk 00:05:57]} {[%emt
00:00:01]} 1-0

[Event "Deutscher Mix-Teampokal U12 2025"]
[Site "Bad Homburg GER"]
[Date "2025.07.20"]
[Round "4"]
[White "Lao, Theodora Siyuan"]
[Black "Mishra, Aarna"]
[Result "1-0"]
[Termination "normal"]
[Board "2.4"]
[WhiteElo "1493"]
[BlackElo "1462"]
[WhiteClock "00:02:36"]
[BlackClock "00:00:55"]
[WhiteTeam "SK Bad Homburg 1927"]
[BlackTeam "SC Noris-Tarrasch Nürnberg 1873"]
[PlyCount "173"]
[WhiteFideId "34667547"]
[BlackFideId "533024804"]
[EventCountry "GER"]
[EventRounds "5"]
[EventType "team-swiss"]
[EventDate "2025.07.18"]

1. e4 {[%clk 00:55:03]} d5 {[%clk 00:55:00]} 2. exd5 {[%clk 00:54:53]} Qxd5
{[%clk 00:54:50]} 3. Nc3 {[%clk 00:54:43]} Qa5 {[%clk 00:54:44]} 4. d4 {[%clk
00:54:33]} Nf6 {[%clk 00:54:20]} 5. Bc4 {[%clk 00:54:15]} Bf5 {[%clk 00:53:43]}
6. Nge2 {[%clk 00:53:40]} Nbd7 {[%clk 00:52:57]} 7. O-O {[%clk 00:53:01]} e6
{[%clk 00:52:23]} 8. Bd2 {[%clk 00:52:07]} c6 {[%clk 00:51:06]} {[%emt
00:01:15]} 9. h3 {[%clk 00:49:13]} {[%emt 00:02:53]} Be7 {[%clk 00:49:41]}
{[%emt 00:01:25]} 10. Re1 {[%clk 00:48:09]} {[%emt 00:01:03]} O-O {[%clk
00:45:23]} {[%emt 00:04:19]} 11. Ng3 {[%clk 00:44:29]} {[%emt 00:03:39]} Bg6
{[%clk 00:43:27]} {[%emt 00:01:55]} 12. Qf3 {[%clk 00:41:47]} {[%emt 00:02:41]}
Bd6 {[%clk 00:31:03]} {[%emt 00:12:25]} 13. Rad1 {[%clk 00:39:40]} {[%emt
00:01:59]} Rac8 {[%clk 00:23:17]} {[%emt 00:07:56]} 14. Nce4 {[%clk 00:38:58]}
{[%emt 00:00:40]} Qc7 {[%clk 00:22:46]} {[%emt 00:00:28]} 15. Nxd6 {[%clk
00:38:31]} {[%emt 00:00:30]} Qxd6 {[%clk 00:22:27]} {[%emt 00:00:19]} 16. Bf4
{[%clk 00:37:40]} {[%emt 00:00:50]} Qe7 {[%clk 00:20:19]} {[%emt 00:02:09]} 17.
Bd3 {[%clk 00:36:46]} {[%emt 00:00:54]} b5 {[%clk 00:15:52]} {[%emt 00:04:28]}
18. Nf5 {[%clk 00:36:11]} {[%emt 00:00:32]} Bxf5 {[%clk 00:14:04]} {[%emt
00:01:52]} 19. Bxf5 {[%clk 00:35:55]} {[%emt 00:00:15]} Qd8 {[%clk 00:10:01]}
{[%emt 00:04:01]} 20. Be4 {[%clk 00:35:27]} {[%emt 00:00:26]} Nxe4 {[%clk
00:08:02]} {[%emt 00:02:02]} 21. Qxe4 {[%clk 00:34:58]} {[%emt 00:00:30]} Re8
{[%clk 00:06:47]} {[%emt 00:01:15]} 22. Qf3 {[%clk 00:32:51]} {[%emt 00:02:07]}
Nf6 {[%clk 00:06:05]} {[%emt 00:00:41]} 23. Bg5 {[%clk 00:32:23]} {[%emt
00:00:28]} Kf8 {[%clk 00:03:33]} {[%emt 00:01:47]} 24. Bxf6 {[%clk 00:32:02]}
{[%emt 00:01:07]} gxf6 {[%clk 00:03:12]} {[%emt 00:00:21]} 25. Qa3+ {[%clk
00:27:59]} {[%emt 00:04:00]} Qe7 {[%clk 00:02:10]} {[%emt 00:01:04]} 26. Qxe7+
{[%clk 00:24:33]} {[%emt 00:03:27]} Kxe7 {[%clk 00:02:02]} {[%emt 00:00:09]}
27. g4 {[%clk 00:23:48]} {[%emt 00:00:43]} Rg8 {[%clk 00:01:54]} {[%emt
00:00:10]} 28. f3 {[%clk 00:22:11]} {[%emt 00:02:15]} h6 {[%clk 00:04:02]}
{[%emt 00:02:29]} 29. Kf2 {[%clk 00:23:07]} {[%emt 00:02:10]} Rh8 {[%clk
00:02:46]} {[%emt 00:01:24]} 30. Ke3 {[%clk 00:22:12]} {[%emt 00:01:00]} h5
{[%clk 00:02:29]} {[%emt 00:00:23]} 31. c3 {[%clk 00:21:39]} {[%emt 00:00:36]}
h4 {[%clk 00:01:54]} {[%emt 00:00:42]} 32. Kf4 {[%clk 00:21:20]} {[%emt
00:00:17]} Rhg8 {[%clk 00:01:49]} {[%emt 00:00:17]} 33. d5 {[%clk 00:20:26]}
{[%emt 00:00:59]} cxd5 {[%clk 00:01:46]} {[%emt 00:00:07]} 34. Rxd5 {[%clk
00:19:52]} {[%emt 00:00:39]} Rb8 {[%clk 00:01:39]} {[%emt 00:00:12]} 35. Rd3
{[%clk 00:18:31]} {[%emt 00:01:23]} Rg7 {[%clk 00:01:12]} {[%emt 00:00:35]} 36.
Red1 {[%clk 00:17:42]} {[%emt 00:00:53]} Rgg8 {[%clk 00:00:57]} {[%emt
00:00:20]} 37. Rd7+ {[%clk 00:16:20]} {[%emt 00:01:26]} Kf8 {[%clk 00:00:53]}
{[%emt 00:00:10]} 38. Rxa7 {[%clk 00:14:38]} {[%emt 00:01:47]} Kg7 {[%clk
00:00:50]} {[%emt 00:00:08]} 39. Rdd7 {[%clk 00:13:23]} {[%emt 00:01:15]} Rgf8
{[%clk 00:00:49]} {[%emt 00:00:10]} 40. Ke4 {[%clk 00:11:59]} {[%emt 00:01:28]}
Kg8 {[%clk 00:00:42]} {[%emt 00:00:13]} 41. f4 {[%clk 00:11:34]} {[%emt
00:00:28]} Kg7 {[%clk 00:00:46]} {[%emt 00:00:03]} 42. f5 {[%clk 00:11:03]}
{[%emt 00:00:36]} exf5+ {[%clk 00:00:46]} {[%emt 00:00:05]} 43. Kxf5 {[%clk
00:10:54]} {[%emt 00:00:14]} Kg8 {[%clk 00:00:24]} {[%emt 00:00:27]} 44. Kxf6
{[%clk 00:09:50]} {[%emt 00:01:09]} Rbe8 {[%clk 00:00:19]} {[%emt 00:00:10]}
45. Rxf7 {[%clk 00:09:12]} {[%emt 00:00:41]} Rxf7+ {[%clk 00:00:23]} {[%emt
00:00:03]} 46. Rxf7 {[%clk 00:08:22]} {[%emt 00:00:54]} Kh8 {[%clk 00:00:18]}
{[%emt 00:00:12]} 47. g5 {[%clk 00:07:59]} {[%emt 00:00:26]} Kg8 {[%clk
00:00:20]} {[%emt 00:00:04]} 48. g6 {[%clk 00:07:33]} {[%emt 00:00:27]} Kh8
{[%clk 00:00:21]} {[%emt 00:00:08]} 49. Rh7+ {[%clk 00:04:56]} {[%emt
00:02:41]} Kg8 {[%clk 00:00:24]} {[%emt 00:00:04]} 50. Rxh4 {[%clk 00:04:46]}
{[%emt 00:00:15]} Rf8+ {[%clk 00:00:21]} {[%emt 00:00:07]} 51. Kg5 {[%clk
00:04:11]} {[%emt 00:00:39]} Kg7 {[%clk 00:00:24]} {[%emt 00:00:04]} 52. Rh7+
{[%clk 00:03:54]} {[%emt 00:00:19]} Kg8 {[%clk 00:00:27]} {[%emt 00:00:05]} 53.
h4 {[%clk 00:03:42]} {[%emt 00:00:17]} Re8 {[%clk 00:00:20]} {[%emt 00:00:12]}
54. h5 {[%clk 00:03:34]} {[%emt 00:00:12]} Rf8 {[%clk 00:00:21]} {[%emt
00:00:06]} 55. h6 {[%clk 00:03:26]} {[%emt 00:00:11]} Re8 {[%clk 00:00:15]}
{[%emt 00:00:11]} 56. Kf6 {[%clk 00:03:13]} {[%emt 00:00:18]} b4 {[%clk
00:00:16]} {[%emt 00:00:05]} 57. g7 {[%clk 00:02:58]} {[%emt 00:00:19]} Kxh7
{[%clk 00:00:15]} {[%emt 00:00:06]} 58. Kf7 {[%clk 00:02:51]} {[%emt 00:00:11]}
Ra8 {[%clk 00:00:18]} {[%emt 00:00:03]} 59. cxb4 {[%clk 00:02:50]} {[%emt
00:00:07]} Kxh6 {[%clk 00:00:16]} {[%emt 00:00:07]} 60. g8=Q {[%clk 00:02:45]}
{[%emt 00:00:10]} Rxg8 {[%clk 00:00:20]} 61. Kxg8 {[%clk 00:02:48]} {[%emt
00:00:03]} Kg6 {[%clk 00:00:23]} {[%emt 00:00:01]} 62. b5 {[%clk 00:02:51]}
{[%emt 00:00:02]} Kf6 {[%clk 00:00:27]} {[%emt 00:00:01]} 63. b6 {[%clk
00:02:55]} {[%emt 00:00:01]} Ke6 {[%clk 00:00:31]} 64. b7 {[%clk 00:02:59]}
{[%emt 00:00:01]} Kd6 {[%clk 00:00:36]} 65. b8=Q+ {[%clk 00:03:00]} {[%emt
00:00:03]} Kc5 {[%clk 00:00:38]} {[%emt 00:00:03]} 66. Qb7 {[%clk 00:03:00]}
{[%emt 00:00:05]} Kc4 {[%clk 00:00:40]} {[%emt 00:00:04]} 67. Qb3+ {[%clk
00:03:01]} {[%emt 00:00:04]} Kc5 {[%clk 00:00:42]} {[%emt 00:00:03]} 68. Kf7
{[%clk 00:03:04]} {[%emt 00:00:02]} Kc6 {[%clk 00:00:45]} {[%emt 00:00:02]} 69.
Qb4 {[%clk 00:03:06]} {[%emt 00:00:03]} Kc7 {[%clk 00:00:45]} {[%emt 00:00:05]}
70. Qb5 {[%clk 00:03:06]} {[%emt 00:00:06]} Kc8 {[%clk 00:00:37]} {[%emt
00:00:12]} 71. Qb6 {[%clk 00:03:00]} {[%emt 00:00:11]} Kd7 {[%clk 00:00:36]}
{[%emt 00:00:07]} 72. Qe6+ {[%clk 00:03:00]} {[%emt 00:00:05]} Kc7 {[%clk
00:00:39]} {[%emt 00:00:02]} 73. Ke7 {[%clk 00:03:00]} {[%emt 00:00:03]} Kb7
{[%clk 00:00:40]} {[%emt 00:00:06]} 74. Kd6 {[%clk 00:02:52]} {[%emt 00:00:11]}
Ka6 {[%clk 00:00:39]} {[%emt 00:00:07]} 75. Qc8+ {[%clk 00:02:52]} {[%emt
00:00:04]} Kb5 {[%clk 00:00:41]} {[%emt 00:00:04]} 76. Qc7 {[%clk 00:02:51]}
{[%emt 00:00:05]} Kb4 {[%clk 00:00:41]} {[%emt 00:00:06]} 77. a3+ {[%clk
00:02:46]} {[%emt 00:00:10]} Kb3 {[%clk 00:00:43]} {[%emt 00:00:03]} 78. Qc3+
{[%clk 00:02:47]} {[%emt 00:00:04]} Ka2 {[%clk 00:00:46]} {[%emt 00:00:02]} 79.
b4 {[%clk 00:02:45]} {[%emt 00:00:07]} Kb1 {[%clk 00:00:46]} {[%emt 00:00:05]}
80. Kd5 {[%clk 00:02:45]} {[%emt 00:00:05]} Ka2 {[%clk 00:00:48]} {[%emt
00:00:04]} 81. Kd4 {[%clk 00:02:47]} {[%emt 00:00:03]} Kb1 {[%clk 00:00:51]}
{[%emt 00:00:02]} 82. Kd3 {[%clk 00:02:49]} {[%emt 00:00:02]} Ka2 {[%clk
00:00:54]} {[%emt 00:00:02]} 83. Kd2 {[%clk 00:02:51]} {[%emt 00:00:02]} Kb1
{[%clk 00:00:57]} {[%emt 00:00:03]} 84. Qc2+ {[%clk 00:02:45]} {[%emt
00:00:09]} Ka1 {[%clk 00:01:00]} {[%emt 00:00:04]} 85. Qd3 {[%clk 00:02:38]}
{[%emt 00:00:10]} Ka2 {[%clk 00:00:55]} {[%emt 00:00:13]} 86. Kc1 {[%clk
00:02:36]} {[%emt 00:00:06]} Ka1 {[%clk 00:00:55]} {[%emt 00:00:06]} 87. Qb1#
{[%emt 00:00:09]} 1-0

[Event "Deutscher Mix-Teampokal U12 2025"]
[Site "Bad Homburg GER"]
[Date "2025.07.20"]
[Round "4"]
[White "Shkabara, Roman"]
[Black "Rudnizki, Valentin"]
[Result "0-1"]
[Termination "normal"]
[Board "3.1"]
[WhiteElo "1387"]
[BlackElo "1545"]
[WhiteClock "00:02:34"]
[BlackClock "00:38:23"]
[WhiteTeam "OSC Rheinhausen 04"]
[BlackTeam "Düsseldorfer SK 14/25"]
[PlyCount "46"]
[WhiteFideId "533050724"]
[BlackFideId "34673369"]
[EventCountry "GER"]
[EventRounds "5"]
[EventType "team-swiss"]
[EventDate "2025.07.18"]

1. e4 {[%clk 00:55:07]} {[%emt 00:00:02]} c5 {[%clk 00:55:03]} 2. Nf3 {[%clk
00:55:07]} Nc6 {[%clk 00:54:45]} 3. Bc4 {[%clk 00:54:51]} e6 {[%clk 00:54:34]}
4. Nc3 {[%clk 00:54:36]} Nge7 {[%clk 00:54:06]} 5. d3 {[%clk 00:52:14]} d5
{[%clk 00:53:59]} 6. exd5 {[%clk 00:52:13]} exd5 {[%clk 00:53:56]} 7. Bb5
{[%clk 00:52:00]} a6 {[%clk 00:53:53]} 8. Bxc6+ Nxc6 {[%clk 00:53:47]} 9. Bf4
{[%clk 00:51:31]} {[%emt 00:00:34]} Be7 {[%clk 00:53:27]} {[%emt 00:00:25]} 10.
h3 {[%clk 00:50:36]} {[%emt 00:01:00]} O-O {[%clk 00:53:14]} {[%emt 00:00:17]}
11. O-O {[%clk 00:50:35]} {[%emt 00:00:06]} Bf5 {[%clk 00:52:55]} {[%emt
00:00:22]} 12. Qd2 {[%clk 00:44:45]} {[%emt 00:05:57]} Re8 {[%clk 00:50:42]}
{[%emt 00:02:18]} 13. Rfe1 {[%clk 00:42:08]} {[%emt 00:02:41]} Qd7 {[%clk
00:49:33]} {[%emt 00:01:15]} 14. Re2 {[%clk 00:39:13]} {[%emt 00:03:00]} Rad8
{[%clk 00:46:44]} {[%emt 00:02:51]} 15. Rae1 {[%clk 00:38:56]} {[%emt
00:00:25]} b5 {[%clk 00:44:49]} {[%emt 00:01:56]} 16. Ne5 {[%clk 00:26:41]}
{[%emt 00:12:25]} Nxe5 {[%clk 00:44:02]} {[%emt 00:00:50]} 17. Rxe5 {[%clk
00:22:35]} {[%emt 00:04:12]} d4 {[%clk 00:43:03]} {[%emt 00:01:04]} 18. Nd5
{[%clk 00:14:16]} {[%emt 00:08:25]} Bf8 {[%clk 00:42:19]} {[%emt 00:00:46]} 19.
Rxe8 {[%clk 00:05:57]} {[%emt 00:08:26]} Rxe8 {[%clk 00:42:13]} {[%emt
00:00:11]} 20. Rxe8 {[%clk 00:05:53]} {[%emt 00:00:10]} Qxe8 {[%clk 00:42:07]}
{[%emt 00:00:10]} 21. Qd1 {[%clk 00:03:06]} {[%emt 00:02:50]} Qc6 {[%clk
00:40:28]} {[%emt 00:01:38]} 22. Qf3 {[%clk 00:02:59]} {[%emt 00:00:19]} Qe6
{[%clk 00:38:23]} {[%emt 00:02:11]} 23. Bh2 {[%clk 00:02:34]} {[%emt 00:00:31]}
Qe1# {[%emt 00:00:26]} 0-1